Llei 10/2009, del 30 de juny, sobre la localització i la identificació de les persones desaparegudes durant la Guerra Civil i la dictadura franquista, i la dignificació de les fosses comunes
MARC
| LEADER | 00000nam a2200000Ia 4500 | ||
|---|---|---|---|
| 001 | 22070 | ||
| 008 | 160829s2009 xx 000 0 cat d | ||
| 080 | |a FU-47-69 | ||
| 110 | 1 | |a Catalunya. |t Llei 10/2009, del 30 de juny, sobre la localització i la identificació de les persones desaparegudes durant la Guerra Civil i la dictadura franquista, i la dignificació de les fosses comunes |9 55764 | |
| 245 | |a Llei 10/2009, del 30 de juny, sobre la localització i la identificació de les persones desaparegudes durant la Guerra Civil i la dictadura franquista, i la dignificació de les fosses comunes | ||
| 250 | |a Ed. no venal | ||
| 260 | |a Barcelona : |b Parlament de Catalunya, |c 2009 | ||
| 300 | |a 37 p. ; |c 17 cm | ||
| 490 | |a Textos legislatius ; 92 | ||
| 590 | |a Títol a la coberta: Llei sobre la localització i la identificació de les persones desaparegudes durant la Guerra Civil i la dictadura franquista, i la dignificació de les fosses comunes. | ||
| 590 | |a A la portada: Aprovada pel Ple del Parlament (tramitació núm. 200-00037/08) en la sessió núm. 58, del 17 de juny de 2009 (Diari de Sessions del Parlament de Catalunya, sèrie P, núm. 85/VIII); Publicada en el Butlletí Oficial del Parlament de Catalunya, núm. 492/VIII, del 22 de juny de 2009; Promulgada el 30 de juny de 2009 (Diari Oficial de la Generalitat de Catalunya, núm. 5417, del 9 de juliol de 2009). | ||
| 650 | |a Persones desaparegudes |x Dret i legislació |x Catalunya |9 39482 | ||
| 650 | |a Espanya |x Història |x 1936-1939, Guerra Civil |x Dret i legislació |x Catalunya |9 39483 | ||
| 710 | 1 | |a Catalunya. |b Parlament |9 11492 | |
| 901 | |a Arxiu | ||
| 942 | |n 1 | ||
| 952 | |0 0 |1 0 |4 0 |6 FU4769 |7 1 |9 49039 |a Arxiu |b Arxiu |d 2016-12-01 |l 0 |o FU-47-69 |p 22070 |r 2016-12-01 00:00:00 |w 2016-12-01 |y ARXIU | ||
| 999 | |c 52875 |d 52875 | ||